| 000 | 00539nam a22001577a 4500 | ||
|---|---|---|---|
| 003 | NUST | ||
| 082 | _a610 | ||
| 100 |
_aBaseer ,Javaria _9122391 |
||
| 245 |
_aIdentification of Protein Signatures for AD and MCI in Body Fluids (Blood and CSF) / _cJavaria Baseer |
||
| 264 |
_aIslamabad: _bSMME- NUST. _c2021. |
||
| 300 |
_a90p. ; _bSoft Copy, _c30cm. |
||
| 650 | _aMS Biomedical Sciences (BMS) | ||
| 700 |
_aSupervisor : Dr. Saima Zafar _9122351 |
||
| 856 | _uhttp://10.250.8.41:8080/xmlui/handle/123456789/26203 | ||
| 942 |
_2ddc _cTHE |
||
| 999 |
_c608886 _d608886 |
||